| 000 | 00356pab a2200145 454500 | ||
|---|---|---|---|
| 008 | 180718b1985 xxu||||| |||| 00| 0 eng d | ||
| 100 | _aGarfinkel, Irvin | ||
| 245 |
_aYears of poverty, years of plenty _bAn essay review |
||
| 260 | _c1985 | ||
| 300 | _a283-94 | ||
| 362 | _aJune | ||
| 650 | _aPoverty | ||
| 773 | _aSocial Service Review | ||
| 909 | _a15714 | ||
| 999 |
_c15714 _d15714 |
||